000 00490nam a2200193Ia 4500
008 170918s9999 xx 000 0 und d
020 _a9780516241990
050 _bB857 1997
100 _aBrimmer, Larry Dane
245 _aHow many ants? /
245 _cLarry Dane Brimmer ; illustrated by Joan Cottle.
260 _aNew York :
260 _bChildren's Press,
260 _c1997
300 _a31 pages :
300 _bcolored illustration ;
300 _c17cm.
500 _a200
999 _c342652
_d342652